000 01012nam a2200277Ia 4500
003 OSt
005 20221005110445.0
006 a|||||r|||| 00| 0
007 ta
008 221004b |||||||| |||| 00| 0 hin d
020 _a8188125113 (hbk)
_cINR 250.00
024 _a42585
037 _bIN-2301, 14/03/2019, Kitab Ghar Prakashan
_cTextual
040 _aCRL
_cCRL
_bhin
041 _2hin
_ahin
082 _aO152,3:gN, P3
100 _aरांग्रा, रणवीर, ले.
245 0 _aमनीषियों के संग
246 _aManīṣhiyoan ke sanga
260 _aनई दिल्ली
_bजगतराम एण्ड संस भारत
_c2003
300 _a220पृ0
_ccm.
650 _a हिन्दी साहित्य
650 _aहिन्दी कहानी
942 _hO152,3:gN, P3
_cTEXL
_2cc
999 _c1018875
_d1018875